Statistiques concernant Pays se terminant par IE

Cliquez ici pour prendre le quiz!

Statistiques générales

  • Ce quiz a été pris 271 fois
  • Le résultat moyen est 29 sur 38

Statistiques - réponses

pays% Correct
Algérie
90%
Russie
89%
Lituanie
88%
Tunisie
87%
Estonie
85%
Lettonie
85%
Roumanie
85%
Albanie
84%
Arménie
83%
Hongrie
83%
Italie
83%
Turquie
83%
Australie
80%
Biélorussie
80%
Bolivie
80%
Bulgarie
80%
Croatie
80%
Slovaquie
80%
Slovénie
80%
Serbie
78%
Colombie
77%
Indonésie
77%
Somalie
77%
Namibie
75%
Gambie
73%
Mauritanie
73%
Zambie
73%
Éthiopie
72%
Syrie
72%
Tanzanie
72%
Jordanie
70%
Moldavie
70%
Malaisie
68%
Mongolie
65%
Géorgie
62%
Micronésie
51%
Tchequie
40%
Sainte-Lucie
34%

Distribution des résultats

Percentile par nombre de réponses

% des personnes avec chaque résultat

Votre développement - résultats

Vous n’avez pas pris ce quiz